000 00925nam a2200289 i 4500
003 EG-GICUC
005 20260415095529.0
008 260415s1974 enkao||fr|||| 001 0 eng d
020 _a0-675-08805-4
040 _aEG-GiCUC
_beng
_cEG-GiCUC
_dEG-GiCUC
_erda
082 0 4 _221
_a343
_bWA . I
092 0 4 _221
099 _aLaw1 10 343 WA . I 1974
100 1 _aWaters, James R.
_eAuthor.
245 1 0 _aIntroduction to law enforcement /
_cJames R. waters, Sheree A. Mcgrath.
264 1 _aAmerica :
_bCharles E. merrill,
_c1974.
300 _a311 pages :
_billustrations,
_c24 cm
336 _2rda content
_atext
337 _2rda media
_aComputer
338 _2rda carrier
_aOnline Resource
650 1 4 _aCriminal Science
_2qrmak
651 1 _2qrmak
700 1 _aMcgrath, sheree A.
_eمؤلف مشارك.
856 4 0 _uhttps://fll.law.cu.edu.eg/fulltext/bks/B10-08920.pdf
905 _a161
942 _2ddc
_cBK
_e21
_n0
999 _c71006
_d71006